[Event "34th Capablanca Memorial"]
[Site "Havana CUB"]
[Date "1999.05.07"]
[Round "1"]
[White "Nogueiras Santiago, Jesus"]
[Black "Hoffman, Alejandro"]
[Result "1/2-1/2"]
[WhiteElo "2540"]
[BlackElo "2547"]
[EventDate "1999.05.??"]
[PlyCount "35"]

1.Nf3 c5 2.c4 g6 3.d4 Bg7 4.Nc3 cxd4 5.Nxd4 Nc6 6.e3 Nf6 7.Be2 O-O 8.O-O 
d6 9.b3 Bd7 10.Bb2 Qa5 11.Qd2 Rfc8 12.Rfd1 a6 13.a3 Qd8 14.Nxc6 Bxc6 15.
Rac1 Rab8 16.f3 Bd7 17.Bf1 Be6 18.Ne2 1/2-1/2

[Event "34th Capablanca Memorial"]
[Site "Havana CUB"]
[Date "1999.05.08"]
[Round "2"]
[White "Atalik, Suat"]
[Black "Nogueiras Santiago, Jesus"]
[Result "1/2-1/2"]
[WhiteElo "2593"]
[BlackElo "2540"]
[EventDate "1999.05.??"]
[PlyCount "125"]

1.d4 d5 2.c4 c6 3.Nf3 Nf6 4.Nc3 e6 5.Bg5 Nbd7 6.e3 Qa5 7.cxd5 Nxd5 8.Qd2 
Bb4 9.Rc1 h6 10.Bh4 c5 11.a3 Bxc3 12.bxc3 b6 13.e4 N5f6 14.Bd3 Ba6 15.Bxa6
Qxa6 16.e5 Nh7 17.d5 Qc4 18.dxe6 Qxe6 19.O-O O-O 20.Rfe1 Rfe8 21.Rcd1 Ndf8
22.Qc2 Qg6 23.Qa4 Qf5 24.Re3 Ng6 25.g4 Qf4 26.Qxf4 Nxf4 27.Bg3 Ne6 28.Nh4 
Rad8 29.Rd6 g6 30.Kg2 Nhf8 31.Red3 Rxd6 32.Rxd6 c4 33.Nf3 Nc5 34.Nd2 b5 
35.f4 Nfe6 36.Kf3 a5 37.f5 Ng5+ 38.Ke3 gxf5 39.gxf5 Nd3 40.Kd4 Kg7 41.h4 
Nh3 42.Ne4 Ng1 43.Ke3 Nxe5 44.Bxe5+ Rxe5 45.Rd2 Kf8 46.f6 Re8 47.Rb2 Rd8 
48.Rxb5 Rd3+ 49.Kf4 Ne2+ 50.Ke5 Kg8 51.Rxa5 Nxc3 52.Nd6 Re3+ 53.Kd4 Rd3+ 
54.Kxc4 Rxd6 55.Kxc3 Rxf6 56.Rc5 Kf8 57.a4 Ke7 58.a5 Kd6 59.Rc4 Rf1 60.Kb2
Rf5 61.Ra4 Kc7 62.a6 Kb8 63.a7+ 1/2-1/2

[Event "34th Capablanca Memorial"]
[Site "Havana CUB"]
[Date "1999.05.09"]
[Round "3"]
[White "Godena, Michele"]
[Black "Comas Fabrego, Luis"]
[Result "1/2-1/2"]
[WhiteElo "2552"]
[BlackElo "2541"]
[EventDate "1999.05.??"]
[PlyCount "41"]

1.e4 d6 2.d4 Nf6 3.Nc3 g6 4.g3 Bg7 5.Bg2 O-O 6.Nge2 e5 7.O-O exd4 8.Nxd4 
Bg4 9.f3 Bd7 10.Bg5 h6 11.Be3 Nc6 12.Qd2 Kh7 13.Rad1 Ne5 14.b3 Qc8 15.Kh1 
Bh3 16.Bxh3 Qxh3 17.Qg2 Qxg2+ 18.Kxg2 a6 19.Rfe1 Rfe8 20.Bf2 Rad8 21.h3 
1/2-1/2

[Event "34th Capablanca Memorial"]
[Site "Havana CUB"]
[Date "1999.05.09"]
[Round "3"]
[White "Morovic Fernandez, Ivan"]
[Black "Hoffman, Alejandro"]
[Result "1-0"]
[WhiteElo "2610"]
[BlackElo "2545"]
[EventDate "1999.05.??"]
[PlyCount "85"]

1.d4 Nf6 2.c4 c5 3.d5 g6 4.Nc3 d6 5.e4 Bg7 6.f3 O-O 7.Bg5 e6 8.Qd2 h6 9.
Bxh6 Nxe4 10.Nxe4 Qh4+ 11.g3 Qxh6 12.Qxh6 Bxh6 13.Nxd6 exd5 14.cxd5 Nd7 
15.f4 Nb6 16.O-O-O Rd8 17.Nxc8 Raxc8 18.Bh3 f5 19.Nf3 Nxd5 20.Rhe1 Bg7 21.
a3 Bf6 22.Ne5 Ne7 23.Nd7 Kf7 24.Rd6 Bd4 25.Bf1 Ng8 26.Bc4+ Kg7 27.Ree6 Kh7
28.Kc2 a6 29.Rxg6 Rxd7 30.Rxg8 Rxd6 31.Rxc8 b5 32.Bd3 Kg7 33.Bxf5 c4 34.
Re8 Bg1 35.Re2 Kf6 36.Bc8 a5 37.g4 b4 38.axb4 axb4 39.h4 Rd4 40.g5+ Kf7 
41.f5 b3+ 42.Kc3 Rxh4 43.Be6+ 1-0

[Event "34th Capablanca Memorial"]
[Site "Havana CUB"]
[Date "1999.05.09"]
[Round "3"]
[White "Vera Gonzalez, Reynaldo"]
[Black "Slobodjan, Roman"]
[Result "1/2-1/2"]
[WhiteElo "2547"]
[BlackElo "2536"]
[EventDate "1999.05.??"]
[PlyCount "110"]

1.d4 Nf6 2.c4 g6 3.Nc3 Bg7 4.e4 d6 5.Be2 O-O 6.Nf3 Nc6 7.Be3 e5 8.O-O Ng4 
9.Bg5 f6 10.Bc1 f5 11.Bg5 Qd7 12.dxe5 Ngxe5 13.exf5 Qxf5 14.Qd2 Be6 15.Nd5
Qf7 16.Nxe5 Nxe5 17.Rac1 Rae8 18.b3 Kh8 19.Kh1 Bf5 20.f3 Nc6 21.Be3 a5 22.
Rfe1 Re5 23.Bf4 Ree8 24.Be3 Re5 25.a3 Ree8 26.Bf1 b6 27.Bf2 Ne5 28.Bd4 Be6
29.Qb2 c5 30.Bc3 Bxd5 31.cxd5 Qxd5 32.Rcd1 Qc6 33.Qd2 Nf7 34.Bc4 Qd7 35.a4
Rxe1+ 36.Rxe1 Re8 37.Rd1 Qe7 38.Bxf7 Qxf7 39.Bxg7+ Kxg7 40.Qxd6 Qxb3 41.h3
Qe6 42.Qf4 Qf6 43.Qc7+ Re7 44.Qc8 h5 45.Qa6 h4 46.Qc4 Qg5 47.Qc3+ Qe5 48.
Qc4 Qe2 49.Qd5 Kh7 50.Qd6 Kg7 51.Rb1 Qe6 52.Qb8 Re8 53.Qc7+ Re7 54.Qb8 Re8
55.Qc7+ Re7 1/2-1/2

[Event "34th Capablanca Memorial"]
[Site "Havana CUB"]
[Date "1999.05.10"]
[Round "4"]
[White "Baburin, Alexander"]
[Black "Vera Gonzalez, Reynaldo"]
[Result "1-0"]
[WhiteElo "2586"]
[BlackElo "2547"]
[EventDate "1999.05.??"]
[PlyCount "71"]

1.d4 d5 2.c4 e6 3.Nc3 c6 4.Nf3 Nf6 5.Bg5 Nbd7 6.cxd5 exd5 7.Qc2 Be7 8.h3 
O-O 9.Bf4 c5 10.e3 cxd4 11.Nxd4 Nc5 12.Be2 Bd7 13.O-O Rc8 14.Rac1 Nce4 15.
Qd3 Qb6 16.Nxd5 Nxd5 17.Rxc8 Bxc8 18.Qxe4 Nxf4 19.Qxe7 Nxe2+ 20.Nxe2 Qxb2 
21.Rd1 Qf6 22.Qc7 g6 23.Nf4 Re8 24.Nd5 Qe5 25.Qxe5 Rxe5 26.f4 Re6 27.Nc7 
Rxe3 28.Rd8+ Kg7 29.Rxc8 Ra3 30.Ne8+ Kf8 31.Nd6+ Ke7 32.Nxb7 Rxa2 33.Rc7+ 
Ke6 34.Nd8+ Kd5 35.Rxf7 h5 36.f5 1-0

[Event "34th Capablanca Memorial"]
[Site "Havana CUB"]
[Date "1999.05.10"]
[Round "4"]
[White "Slobodjan, Roman"]
[Black "De la Paz, Frank"]
[Result "1-0"]
[WhiteElo "2536"]
[BlackElo "2495"]
[EventDate "1999.05.??"]
[PlyCount "89"]

1.e4 e5 2.Nf3 Nc6 3.Bc4 Bc5 4.c3 Nf6 5.d3 Bb6 6.Bb3 d6 7.Qe2 Ne7 8.Bg5 Ng6
9.Nh4 Nxh4 10.Bxh4 Be6 11.Nd2 h6 12.h3 Qe7 13.Nc4 g5 14.Bg3 h5 15.h4 Bxc4 
16.Bxc4 g4 17.O-O-O O-O-O 18.Rhe1 Rhg8 19.Bb3 Nd7 20.d4 Rde8 21.Qc4 Rg7 
22.Ba4 f6 23.Qd3 Rh8 24.Bb3 Nf8 25.f4 gxf3 26.Qxf3 Kb8 27.Bf2 Rg4 28.g3 
Ne6 29.Kb1 Re8 30.Rf1 Nd8 31.Bc2 Qg7 32.Be1 Ne6 33.d5 Nc5 34.b4 Nd7 35.Qe2
Qh6 36.Rd3 Rf8 37.Rdf3 a6 38.Ba4 Qh7 39.Rf5 a5 40.a3 axb4 41.axb4 Rfg8 42.
Qd3 Rc8 43.Bd1 Rgg8 44.Rxh5 Qe7 45.Rhf5 1-0

[Event "34th Capablanca Memorial"]
[Site "Havana CUB"]
[Date "1999.05.14"]
[Round "7"]
[White "De la Paz, Frank"]
[Black "Arencibia Rodriguez, Walter"]
[Result "0-1"]
[WhiteElo "2495"]
[BlackElo "2520"]
[EventDate "1999.05.??"]
[PlyCount "44"]

1.e4 c5 2.Nf3 d6 3.d4 cxd4 4.Nxd4 Nf6 5.Nc3 a6 6.Bg5 e6 7.f4 Be7 8.Qf3 h6 
9.Bh4 Qc7 10.O-O-O Nbd7 11.Bd3 g5 12.fxg5 Ne5 13.Qe2 Nh7 14.Nf3 hxg5 15.
Nxe5 dxe5 16.Bg3 Nf8 17.Bb5+ axb5 18.Nxb5 Qc5 19.b4 Qc6 20.Bxe5 Ng6 21.Rd6
Bxd6 22.Bxd6 Nf4 0-1

[Event "34th Capablanca Memorial"]
[Site "Havana CUB"]
[Date "1999.05.14"]
[Round "7"]
[White "Godena, Michele"]
[Black "Vera Gonzalez, Reynaldo"]
[Result "1/2-1/2"]
[WhiteElo "2552"]
[BlackElo "2547"]
[EventDate "1999.05.??"]
[PlyCount "31"]

1.e4 c5 2.Nf3 d6 3.Bc4 Nc6 4.c3 e6 5.Bb3 Nf6 6.d3 Be7 7.O-O O-O 8.Re1 b6 
9.Nbd2 Ba6 10.Nf1 Ne5 11.Bc2 Rc8 12.Bf4 Ng6 13.Bd2 Ne5 14.Bf4 Ng6 15.Bd2 
Ne5 16.Bf4 1/2-1/2

[Event "34th Capablanca Memorial"]
[Site "Havana CUB"]
[Date "1999.05.15"]
[Round "8"]
[White "De la Paz, Frank"]
[Black "Godena, Michele"]
[Result "1/2-1/2"]
[WhiteElo "2495"]
[BlackElo "2552"]
[EventDate "1999.05.??"]
[PlyCount "90"]

1.e4 e5 2.Nf3 Nc6 3.Bc4 Nf6 4.d3 h6 5.O-O d6 6.Re1 Na5 7.Bd5 Be7 8.Bd2 Nc6
9.Bxc6+ bxc6 10.d4 exd4 11.e5 dxe5 12.Nxe5 Bb7 13.Bb4 c5 14.Bxc5 Qd5 15.
Qf3 Bxc5 16.Ng6+ Ne4 17.c4 Qe6 18.Nf4 Qb6 19.Rxe4+ Be7 20.Nd5 Bxd5 21.cxd5
Qxb2 22.Qa3 Qxa3 23.Nxa3 Kd7 24.Nb5 Bf6 25.Rc1 a6 26.Nxd4 Rhe8 27.Nb3 Rxe4
28.Nc5+ Ke7 29.Nxe4 Be5 30.g3 f5 31.Nd2 Rd8 32.Nf3 Rxd5 33.Nxe5 Rxe5 34.
Rxc7+ Kf6 35.Rc4 Ra5 36.a4 Ke7 37.Kg2 Kd6 38.h4 Kd5 39.Rf4 Ke5 40.Rb4 g5 
41.hxg5 hxg5 42.Kf3 Rc5 43.Rb6 Ra5 44.Rb4 Rc5 45.Rb6 Ra5 1/2-1/2

[Event "34th Capablanca Memorial"]
[Site "Havana CUB"]
[Date "1999.05.17"]
[Round "9"]
[White "Morovic Fernandez, Ivan"]
[Black "Baburin, Alexander"]
[Result "1/2-1/2"]
[WhiteElo "2613"]
[BlackElo "2586"]
[EventDate "1999.05.??"]
[PlyCount "51"]

1.d4 d5 2.c4 dxc4 3.e3 c5 4.Bxc4 e6 5.Nf3 a6 6.O-O Nf6 7.Bb3 cxd4 8.exd4 
Nc6 9.Nc3 Be7 10.Re1 O-O 11.a3 b5 12.d5 exd5 13.Nxd5 Nxd5 14.Qxd5 Na5 15.
Qxd8 Bxd8 16.Bd5 Bb7 17.Bxb7 Nxb7 18.Bf4 Bf6 19.Be5 Bxe5 20.Nxe5 Rfe8 21.
Kf1 Rac8 22.Rac1 f6 23.Nc6 Rxe1+ 24.Kxe1 Kf8 25.Kd2 Nd6 26.b3 1/2-1/2

[Event "34th Capablanca Memorial"]
[Site "Havana CUB"]
[Date "1999.05.18"]
[Round "10"]
[White "Arencibia Rodriguez, Walter"]
[Black "Comas Fabrego, Luis"]
[Result "1-0"]
[WhiteElo "2520"]
[BlackElo "2541"]
[EventDate "1999.05.??"]
[PlyCount "77"]

1.Nf3 Nf6 2.g3 g6 3.b3 Bg7 4.Bb2 O-O 5.Bg2 d5 6.c4 c6 7.O-O Bg4 8.d3 Bxf3 
9.Bxf3 Re8 10.Nd2 e6 11.b4 Nbd7 12.Qc2 h5 13.Nb3 Qb8 14.Bg2 h4 15.e4 dxe4 
16.dxe4 e5 17.c5 Qc7 18.Rad1 Bf8 19.Rd3 a5 20.bxa5 Rxa5 21.Nxa5 Qxa5 22.
Rf3 Kg7 23.Bh3 Nxc5 24.Re3 Na4 25.Bc1 Bc5 26.Rf3 hxg3 27.hxg3 Be7 28.Bd2 
Qa6 29.Re1 b5 30.Bg5 c5 31.Bxf6+ Bxf6 32.Rd3 Rh8 33.Bd7 Qa5 34.Rb1 c4 35.
Rf3 Nc5 36.Bxb5 Ne6 37.Bxc4 Nd4 38.Qc3 Qa7 39.Re3 1-0

[Event "34th Capablanca Memorial"]
[Site "Havana CUB"]
[Date "1999.05.18"]
[Round "10"]
[White "Vera Gonzalez, Reynaldo"]
[Black "Morovic Fernandez, Ivan"]
[Result "1/2-1/2"]
[WhiteElo "2547"]
[BlackElo "2613"]
[EventDate "1999.05.??"]
[PlyCount "48"]

1.d4 d5 2.c4 e6 3.Nc3 c6 4.Nf3 Nf6 5.cxd5 exd5 6.Bg5 Be7 7.Qc2 g6 8.e3 Bf5
9.Bd3 Bxd3 10.Qxd3 Nbd7 11.O-O O-O 12.Rab1 a5 13.Qc2 Re8 14.a3 Ne4 15.Nxe4
dxe4 16.Bxe7 Qxe7 17.Nd2 c5 18.Rfe1 Rad8 19.Rbd1 cxd4 20.exd4 Nf6 21.Nxe4 
Nxe4 22.f3 f5 23.fxe4 fxe4 24.Qc4+ Kg7 1/2-1/2

[Event "34th Capablanca Memorial"]
[Site "Havana CUB"]
[Date "1999.05.19"]
[Round "11"]
[White "Atalik, Suat"]
[Black "Baburin, Alexander"]
[Result "1/2-1/2"]
[WhiteElo "2593"]
[BlackElo "2586"]
[EventDate "1999.05.??"]
[PlyCount "26"]

1.e4 c6 2.d4 d5 3.Nc3 dxe4 4.Nxe4 Bf5 5.Ng3 Bg6 6.h4 h6 7.Nf3 Nd7 8.h5 Bh7
9.Bd3 Bxd3 10.Qxd3 Ngf6 11.Bf4 Qa5+ 12.Bd2 Qc7 13.O-O-O e6 1/2-1/2

[Event "34th Capablanca Memorial"]
[Site "Havana CUB"]
[Date "1999.05.19"]
[Round "11"]
[White "Morovic Fernandez, Ivan"]
[Black "De la Paz, Frank"]
[Result "1-0"]
[WhiteElo "2610"]
[BlackElo "2495"]
[EventDate "1999.05.??"]
[PlyCount "83"]

1.d4 Nf6 2.c4 g6 3.Nc3 Bg7 4.e4 d6 5.f3 O-O 6.Bg5 c5 7.d5 a6 8.Qd2 e6 9.
Nge2 exd5 10.cxd5 b5 11.Ng3 Re8 12.Be2 h5 13.O-O Qa5 14.a4 b4 15.Nd1 Nh7 
16.Bf4 Qd8 17.Re1 h4 18.Nf1 Qf6 19.h3 Nd7 20.Bh2 Ne5 21.Nf2 g5 22.Ne3 Nf8 
23.Bxe5 Qxe5 24.Nc4 Qg3 25.Nh1 Bd4+ 26.Qxd4 Qxe1+ 27.Rxe1 cxd4 28.Nxd6 Rd8
29.Nc4 Nd7 30.Nf2 a5 31.Nd2 Nc5 32.b3 Ba6 33.Bxa6 Nxa6 34.Nd3 Rac8 35.Nc4 
Kf8 36.Kf2 Rc7 37.Ke2 Rdc8 38.Kd2 Rd8 39.Nxa5 f6 40.Rc1 Rxc1 41.Kxc1 Rc8+ 
42.Nc4 1-0

[Event "34th Capablanca Memorial"]
[Site "Havana CUB"]
[Date "1999.05.20"]
[Round "12"]
[White "Vera Gonzalez, Reynaldo"]
[Black "Atalik, Suat"]
[Result "0-1"]
[WhiteElo "2547"]
[BlackElo "2593"]
[EventDate "1999.05.??"]
[PlyCount "72"]

1.d4 Nf6 2.c4 g6 3.Nc3 d5 4.cxd5 Nxd5 5.Bd2 Bg7 6.e4 Nb6 7.Be3 O-O 8.h3 f5
9.Nf3 f4 10.Bc1 Nc6 11.e5 h6 12.b3 g5 13.Bb2 Bf5 14.Rc1 e6 15.Bb5 Ne7 16.
Bd3 Nbd5 17.Ne4 b6 18.a3 Ng6 19.b4 Rf7 20.h4 gxh4 21.Qe2 Bf8 22.Nf6+ Nxf6 
23.Bxf5 exf5 24.exf6 Qxf6 25.Kf1 Bg7 26.Rh3 Re7 27.Ne5 Rae8 28.Qc4+ Kh7 
29.Rd3 Qg5 30.Qc6 Rd8 31.Qc2 Nxe5 32.dxe5 Rxd3 33.Qxd3 f3 34.Qxf3 Bxe5 35.
Qb3 Rg7 36.g3 hxg3 0-1

[Event "34th Capablanca Memorial"]
[Site "Havana CUB"]
[Date "1999.05.22"]
[Round "13"]
[White "Morovic Fernandez, Ivan"]
[Black "Nogueiras Santiago, Jesus"]
[Result "1/2-1/2"]
[WhiteElo "2613"]
[BlackElo "2540"]
[EventDate "1999.05.??"]
[PlyCount "36"]

1.d4 d5 2.c4 c6 3.Nc3 Nf6 4.e3 a6 5.b3 b5 6.Qc2 Bg4 7.Bd3 Nbd7 8.Nge2 e5 
9.cxd5 cxd5 10.dxe5 Nxe5 11.Bf5 Bxe2 12.Nxe2 Bb4+ 13.Kf1 O-O 14.Bb2 Qe7 
15.Rd1 g6 16.Bh3 Ra7 17.Bd4 Rc7 18.Qb2 Ba3 1/2-1/2